[Event "Vienna Chess Open 2015 Group A"]
[Site "Grosser Festsaal im Wiener Rathaus, 1010 Wien"]
[Date "2015.08.15"]
[Round "1"]
[Board "1"]
[White "Sereinig, Eduard"]
[Black "Buhmann, Rainer"]
[Result "0-1"]
[WhiteElo "2082"]
[BlackElo "2613"]
[PlyCount "93"]
[EventDate "2015.08.15"]
[EventRounds "9"]
[EventCountry "AUT"]

1.Nf3 d5 2.g3 Nf6 3.Bg2 e6 4.O-O Be7 5.c4 O-O 6.cxd5 exd5 7.d3 c5 8.Nc3 d4 9.Nb5 Nc6
10.Na3 Re8 11.Nc4 Bf8 12.Re1 Be6 13.Bg5 Rc8 14.Nfe5 Nxe5 15.Nxe5 h6 16.Bd2 Bd5 17.Bxd5
Qxd5 18.Nf3 Re6 19.Qb3 Qd7 20.Rad1 Rce8 21.e4 dxe3 22.Bxe3 Qc6 23.Nh4 Ng4 24.d4 cxd4
25.Rxd4 Nxe3 26.fxe3 Bc5 27.Rd3 a5 28.Ng2 a4 29.Qd1 Re4 30.Rd8 b6 31.Rxe8+ Rxe8 32.Qd3
Qe6 33.b3 axb3 34.axb3 Qe5 35.Kh1 g5 36.Rf1 Re6 37.Qd1 Kg7 38.Qg4 Qe4 39.Qh5 Rf6 40.Qe2
Qc2 41.Qe1 Rxf1+ 42.Qxf1 Qxb3 43.h4 Qe6 44.Kh2 Qe5 45.hxg5 hxg5 46.Qf3 Qe6 47.e4 0-1

[Event "Vienna Chess Open 2015 Group A"]
[Site "Grosser Festsaal im Wiener Rathaus, 1010 Wien"]
[Date "2015.08.15"]
[Round "1"]
[Board "2"]
[White "Bánusz, Tamás"]
[Black "Saglam, Buelent"]
[Result "1-0"]
[WhiteElo "2586"]
[BlackElo "2081"]
[PlyCount "65"]
[EventDate "2015.08.15"]
[EventRounds "9"]
[EventCountry "AUT"]

1.Nf3 Nf6 2.c4 g6 3.g3 c5 4.Bg2 Bg7 5.O-O Nc6 6.d4 cxd4 7.Nxd4 O-O 8.Nc3 Nxd4 9.Qxd4
d6 10.Qd3 Nd7 11.b3 Nc5 12.Qd2 Bd7 13.Bb2 Bc6 14.Rad1 Bxg2 15.Kxg2 Qd7 16.Nd5 Ne4
17.Qc2 f5 18.Bxg7 Kxg7 19.f3 Nf6 20.Nf4 Rac8 21.Qd3 g5 22.Nd5 Nxd5 23.Qxd5 Rf6 24.e4
b6 25.e5 Re6 26.Rfe1 Kg6 27.b4 a5 28.c5 axb4 29.exd6 Rxe1 30.Rxe1 Rxc5 31.Re6+ Kg7
32.Rxe7+ Kh6 33.Qxc5 1-0

[Event "Vienna Chess Open 2015 Group A"]
[Site "Grosser Festsaal im Wiener Rathaus, 1010 Wien"]
[Date "2015.08.15"]
[Round "1"]
[Board "3"]
[White "Bachlechner, Julian"]
[Black "Shengelia, David"]
[Result "0-1"]
[WhiteElo "2080"]
[BlackElo "2572"]
[PlyCount "66"]
[EventDate "2015.08.15"]
[EventRounds "9"]
[EventCountry "AUT"]

1.d4 Nf6 2.c4 e6 3.Nf3 b6 4.Nc3 Bb7 5.e3 Bb4 6.Bd2 O-O 7.Bd3 d5 8.cxd5 exd5 9.O-O
Nbd7 10.a3 Bd6 11.b4 a6 12.Qb3 Re8 13.Rac1 Ne4 14.Rc2 Nxd2 15.Rxd2 Nf6 16.Rfd1 Qe7
17.Bb1 Rad8 18.Qc2 g6 19.Ba2 c6 20.Re2 Bc8 21.Na4 b5 22.Nc5 Ne4 23.Nd3 Bg4 24.Nde1
Ng5 25.Qxc6 Nxf3+ 26.Nxf3 Bxf3 27.gxf3 Qg5+ 28.Kf1 Bxh2 29.Ke1 Re6 30.Qb7 Qf5 31.e4
Qxf3 32.Bxd5 Bf4 33.Rc2 Rxd5 0-1

[Event "Vienna Chess Open 2015 Group A"]
[Site "Grosser Festsaal im Wiener Rathaus, 1010 Wien"]
[Date "2015.08.15"]
[Round "1"]
[Board "4"]
[White "Hawkins, Jonathan"]
[Black "Dehmel, Jens"]
[Result "1/2-1/2"]
[WhiteElo "2554"]
[BlackElo "2078"]
[PlyCount "98"]
[EventDate "2015.08.15"]
[EventRounds "9"]
[EventCountry "AUT"]

1.d4 d5 2.c4 c6 3.Nc3 Nf6 4.cxd5 cxd5 5.f3 Nc6 6.e4 e6 7.e5 Ng8 8.Be3 Nge7 9.Qd2 Nf5
10.Bf2 Be7 11.f4 O-O 12.Nf3 Bd7 13.Bd3 Nh4 14.Nxh4 Bxh4 15.O-O Bxf2+ 16.Rxf2 Qb6 17.Rd1
Qxd4 18.Bxh7+ Kxh7 19.Qc2+ Kg8 20.Rxd4 Nxd4 21.Qd3 Nf5 22.g4 Ne7 23.f5 Rac8 24.f6
Ng6 25.fxg7 Kxg7 26.Qf3 Rc4 27.Qf6+ Kg8 28.g5 Rg4+ 29.Kf1 d4 30.Ne2 Bb5 31.Qf3 Nxe5
32.Qxb7 a6 33.a4 Bxa4 34.Qxa6 Bb3 35.Rg2 Rxg2 36.Kxg2 d3 37.Nc3 d2 38.Qb5 Bd5+ 39.Kf2
Rc8 40.Qe2 Rxc3 41.bxc3 Nc4 42.Qd1 e5 43.g6 fxg6 44.Qb1 e4 45.Ke2 Kg7 46.Qb8 e3 47.Qa7+
Kh6 48.Qd4 Be6 49.Qe4 Bf7 1/2-1/2

[Event "Vienna Chess Open 2015 Group A"]
[Site "Grosser Festsaal im Wiener Rathaus, 1010 Wien"]
[Date "2015.08.15"]
[Round "1"]
[Board "5"]
[White "Friesen, Boris"]
[Black "Ruck, Robert"]
[Result "0-1"]
[WhiteElo "2078"]
[BlackElo "2552"]
[PlyCount "104"]
[EventDate "2015.08.15"]
[EventRounds "9"]
[EventCountry "AUT"]

1.e4 c5 2.Nf3 d6 3.d4 cxd4 4.Nxd4 Nf6 5.Nc3 a6 6.Be3 Ng4 7.Bg5 h6 8.Bh4 g5 9.Bg3 Bg7
10.Be2 h5 11.Bxg4 hxg4 12.O-O Nc6 13.Nf5 Bxc3 14.bxc3 Qa5 15.Qxg4 f6 16.Rab1 Bxf5
17.Qxf5 Qxf5 18.exf5 b5 19.Rfe1 Kf7 20.Re4 Na5 21.a4 Nc4 22.Rbe1 Ra7 23.axb5 axb5
24.f3 Rc7 25.Ra1 Rc5 26.Bf2 Rxf5 27.Ra7 Re8 28.Rb7 Rd5 29.Rd4 Rxd4 30.cxd4 Ra8 31.g4
Ra1+ 32.Kg2 Na3 33.c3 Rc1 34.Bg3 Ke8 35.Ra7 Rc2+ 36.Kf1 Rxc3 37.Ke2 Nc2 38.d5 Nd4+
39.Kd2 Rxf3 40.Ra8+ Kf7 41.Ra7 Ke8 42.Ra8+ Kd7 43.Ra7+ Kd8 44.Ra8+ Kc7 45.Ra7+ Kb6
46.Rxe7 Kc5 47.Rd7 Kxd5 48.Rxd6+ Kc4 49.Rb6 b4 50.Bc7 b3 51.Bd8 Rd3+ 52.Ke1 Nc2+ 0-1

[Event "Vienna Chess Open 2015 Group A"]
[Site "Grosser Festsaal im Wiener Rathaus, 1010 Wien"]
[Date "2015.08.15"]
[Round "1"]
[Board "6"]
[White "Heberla, Bartlomiej"]
[Black "Schweitzer, Werner"]
[Result "1-0"]
[WhiteElo "2548"]
[BlackElo "2077"]
[PlyCount "65"]
[EventDate "2015.08.15"]
[EventRounds "9"]
[EventCountry "AUT"]

1.e4 c6 2.d4 d5 3.Nc3 dxe4 4.Nxe4 Nd7 5.Bc4 Ngf6 6.Nxf6+ Nxf6 7.c3 e6 8.Nf3 Bd6 9.O-O
O-O 10.Bg5 b6 11.Ne5 Bxe5 12.dxe5 Qxd1 13.Rfxd1 Nd5 14.Bd3 h6 15.Bd2 Rd8 16.c4 Ne7
17.Bb4 Nf5 18.Bxf5 Rxd1+ 19.Rxd1 exf5 20.Rd8+ Kh7 21.Bc3 c5 22.Rf8 Kg6 23.e6 fxe6
24.Rg8 f4 25.Rxg7+ Kf5 26.f3 Ba6 27.b3 b5 28.Rc7 Rc8 29.Rxa7 b4 30.Rf7+ Kg5 31.Be5
Rc6 32.Rf6 Bc8 33.h4+ 1-0

[Event "Vienna Chess Open 2015 Group A"]
[Site "Grosser Festsaal im Wiener Rathaus, 1010 Wien"]
[Date "2015.08.15"]
[Round "1"]
[Board "7"]
[White "Demircan, Suekrue"]
[Black "Brunello, Sabino"]
[Result "0-1"]
[WhiteElo "2076"]
[BlackElo "2545"]
[PlyCount "54"]
[EventDate "2015.08.15"]
[EventRounds "9"]
[EventCountry "AUT"]

1.d4 Nf6 2.Nf3 e6 3.c4 b6 4.g3 Ba6 5.Bg2 Bxc4 6.Nc3 c6 7.O-O Be7 8.Re1 d5 9.Ne5 Ba6
10.Qa4 Bb7 11.Bf4 O-O 12.Rad1 b5 13.Qc2 Nbd7 14.e4 Rc8 15.exd5 cxd5 16.Qe2 b4 17.Qb5
Nxe5 18.Qxb7 Ng6 19.Ne2 Qa5 20.Rc1 Rxc1 21.Rxc1 Qxa2 22.Rc8 Qxb2 23.Rxf8+ Bxf8 24.Bf3
Nxf4 25.gxf4 a5 26.Qa8 Qa1+ 27.Kg2 b3 0-1

[Event "Vienna Chess Open 2015 Group A"]
[Site "Grosser Festsaal im Wiener Rathaus, 1010 Wien"]
[Date "2015.08.15"]
[Round "1"]
[Board "8"]
[White "Dizdarevic, Emir"]
[Black "Fischer, Daniel"]
[Result "1-0"]
[WhiteElo "2540"]
[BlackElo "2076"]
[PlyCount "31"]
[EventDate "2015.08.15"]
[EventRounds "9"]
[EventCountry "AUT"]

1.Nf3 d6 2.d4 g6 3.g3 Bg7 4.Bg2 c5 5.dxc5 Qa5+ 6.Nfd2 Qxc5 7.Ne4 Qb6 8.Nbc3 Nc6 9.O-O
Bf5 10.Nd5 Qd8 11.c4 Bxe4 12.Bxe4 e6 13.Nc3 Nf6 14.Bf4 Nxe4 15.Nxe4 d5 16.Nd6+ 1-0

[Event "Vienna Chess Open 2015 Group A"]
[Site "Grosser Festsaal im Wiener Rathaus, 1010 Wien"]
[Date "2015.08.15"]
[Round "1"]
[Board "9"]
[White "Puehringer, Johann"]
[Black "Antal, Gergely"]
[Result "0-1"]
[WhiteElo "2075"]
[BlackElo "2524"]
[PlyCount "124"]
[EventDate "2015.08.15"]
[EventRounds "9"]
[EventCountry "AUT"]

1.e4 c6 2.d4 d5 3.e5 Bf5 4.Nf3 e6 5.Bd3 Ne7 6.Be3 Nd7 7.c3 Qb6 8.b3 a5 9.Nh4 a4 10.b4
Bxd3 11.Qxd3 Nc8 12.Nd2 Be7 13.Nhf3 Na7 14.O-O O-O 15.Ng5 Bxg5 16.Bxg5 h6 17.Be3 Qb5
18.Qc2 Nc8 19.f4 Ne7 20.Rae1 b6 21.g4 c5 22.bxc5 bxc5 23.f5 a3 24.f6 Ng6 25.fxg7 Kxg7
26.Rf2 cxd4 27.cxd4 Rac8 28.Qb3 Qxb3 29.Nxb3 Nb6 30.Bc1 Nc4 31.Ref1 Rc7 32.Nc5 Ra8
33.Rf6 Raa7 34.h4 Nxh4 35.Bxh6+ Kh7 36.Bg5 Ng6 37.Kg2 Ncxe5 38.Kg3 Kg8 39.R6f2 Nd7
40.Nxd7 Rxd7 41.Bf6 Rdc7 42.g5 Kf8 43.Rf3 Rc2 44.Rb3 Rb2 45.Rb1 Rxb1 46.Rxb1 Ke8 47.Rb3
Kd7 48.Rc3 Ra4 49.Kf3 Nh4+ 50.Ke3 Nf5+ 51.Kd3 Nd6 52.Rb3 Ra7 53.Be5 Nc4 54.Bf6 Kc7
55.Be7 Kc6 56.Kc3 Rxe7 57.Rb8 Rb7 58.Rf8 Nd6 59.Ra8 Rb1 60.Ra6+ Kc7 61.Kd3 Rg1 62.Ke2
Rg2+ 0-1

[Event "Vienna Chess Open 2015 Group A"]
[Site "Grosser Festsaal im Wiener Rathaus, 1010 Wien"]
[Date "2015.08.15"]
[Round "1"]
[Board "10"]
[White "Rambaldi, Francesco"]
[Black "Spiesberger, Gerhard"]
[Result "1-0"]
[WhiteElo "2517"]
[BlackElo "2075"]
[PlyCount "63"]
[EventDate "2015.08.15"]
[EventRounds "9"]
[EventCountry "AUT"]

1.b3 e5 2.Bb2 Nc6 3.e3 d5 4.Bb5 Bd6 5.f4 Qe7 6.Nf3 f6 7.Nc3 Be6 8.Qe2 Nh6 9.O-O-O
O-O 10.Bxc6 bxc6 11.fxe5 fxe5 12.e4 d4 13.Nb1 a5 14.a4 Rfb8 15.h3 Rb6 16.d3 Rab8 17.Nfd2
Nf7 18.Rdf1 Qg5 19.Kd1 Bb4 20.Rf2 Nd6 21.Nf3 Qg3 22.Bc1 h6 23.Rhf1 c5 24.Nxe5 Bxb3
25.Bf4 Bxc2+ 26.Qxc2 Qh4 27.Nd7 Be1 28.Nxb6 Bxf2 29.Qxf2 Qh5+ 30.Kc1 Rxb6 31.Bxd6
Rxd6 32.Qf8+ 1-0

[Event "Vienna Chess Open 2015 Group A"]
[Site "Grosser Festsaal im Wiener Rathaus, 1010 Wien"]
[Date "2015.08.15"]
[Round "1"]
[Board "11"]
[White "White, Alastair"]
[Black "Rombaldoni, Axel"]
[Result "0-1"]
[WhiteElo "2074"]
[BlackElo "2515"]
[PlyCount "68"]
[EventDate "2015.08.15"]
[EventRounds "9"]
[EventCountry "AUT"]

1.e4 c5 2.Nf3 d6 3.d4 cxd4 4.Nxd4 Nf6 5.Nc3 Bd7 6.h3 a6 7.g4 h6 8.Bg2 Nc6 9.Nde2 e6
10.O-O b5 11.Ng3 b4 12.Nce2 Rc8 13.c4 bxc3 14.Nxc3 Na5 15.Qe2 Nc4 16.Rd1 Be7 17.Rd4
Qc7 18.b3 Ne5 19.Bb2 Qb6 20.Rad1 O-O 21.Na4 Qa7 22.Ba3 Ne8 23.Kh2 Bb5 24.Qe1 Nc6 25.R4d2
Bg5 26.Rxd6 Nxd6 27.Bxd6 Rfd8 28.f4 Rxd6 29.fxg5 Rxd1 30.Qxd1 hxg5 31.Nb2 Qd4 32.Qc1
Ne7 33.Qxg5 f6 34.Qh5 Qxb2 0-1

[Event "Vienna Chess Open 2015 Group A"]
[Site "Grosser Festsaal im Wiener Rathaus, 1010 Wien"]
[Date "2015.08.15"]
[Round "1"]
[Board "12"]
[White "Kurajica, Bojan"]
[Black "Gajic, Zoran"]
[Result "1-0"]
[WhiteElo "2513"]
[BlackElo "2073"]
[PlyCount "57"]
[EventDate "2015.08.15"]
[EventRounds "9"]
[EventCountry "AUT"]

1.Nf3 Nf6 2.d4 g6 3.g3 Bg7 4.Bg2 O-O 5.O-O d6 6.c4 Nc6 7.Nc3 e5 8.d5 Ne7 9.Ne1 Nd7
10.e4 f5 11.Nd3 Nf6 12.Bg5 Nxe4 13.Nxe4 fxe4 14.Bxe4 Bf5 15.Qe2 h6 16.Bd2 Qd7 17.f3
Rae8 18.Nf2 Kh7 19.Be3 Ng8 20.c5 Bxe4 21.fxe4 Nf6 22.cxd6 cxd6 23.Bxa7 Qa4 24.Be3
Rc8 25.b3 Qb4 26.Rac1 Nxe4 27.Rxc8 Rxc8 28.Qg4 Rc2 29.Nxe4 1-0

[Event "Vienna Chess Open 2015 Group A"]
[Site "Grosser Festsaal im Wiener Rathaus, 1010 Wien"]
[Date "2015.08.15"]
[Round "1"]
[Board "13"]
[White "Batyte, Daiva"]
[Black "Tari, Aryan"]
[Result "0-1"]
[WhiteElo "2072"]
[BlackElo "2510"]
[PlyCount "62"]
[EventDate "2015.08.15"]
[EventRounds "9"]
[EventCountry "AUT"]

1.c4 g6 2.Nc3 c5 3.g3 Bg7 4.Bg2 Nc6 5.Nf3 d6 6.d3 e6 7.e4 Nge7 8.O-O O-O 9.Be3 f5
10.Qd2 e5 11.Bh6 f4 12.Bxg7 Kxg7 13.Ne2 Bg4 14.gxf4 Qd7 15.Kh1 Bxf3 16.Bxf3 Nd4 17.Nxd4
Rxf4 18.Ne2 Rxf3 19.Ng1 Rf6 20.b4 Raf8 21.Rab1 Nc6 22.a3 Nd4 23.Rb2 b6 24.bxc5 dxc5
25.Qd1 Nf3 26.a4 Nxg1 27.Kxg1 Rf3 28.Rd2 R8f4 29.Qa1 Kf6 30.Qd1 Qh3 31.d4 Rg4+ 0-1

[Event "Vienna Chess Open 2015 Group A"]
[Site "Grosser Festsaal im Wiener Rathaus, 1010 Wien"]
[Date "2015.08.15"]
[Round "1"]
[Board "14"]
[White "Kindermann, Stefan"]
[Black "Zuehlke, Burkhard"]
[Result "1-0"]
[WhiteElo "2507"]
[BlackElo "2072"]
[PlyCount "75"]
[EventDate "2015.08.15"]
[EventRounds "9"]
[EventCountry "AUT"]

1.e4 d6 2.d4 Nf6 3.Nc3 g6 4.Be3 c6 5.Qd2 b5 6.Bd3 Nbd7 7.Nf3 Bb7 8.O-O e5 9.dxe5 dxe5
10.a4 a6 11.h3 Bg7 12.Ne2 O-O 13.Ng3 Qe7 14.c4 b4 15.c5 a5 16.Qc2 Ne8 17.Ne2 Nc7 18.Nc1
Ne6 19.Nb3 Kh8 20.Rad1 Rfd8 21.Be2 Bf8 22.Rc1 Qf6 23.Kh2 Be7 24.Rfd1 Qg7 25.Bc4 Ndf8
26.Bf1 Rxd1 27.Rxd1 Bd8 28.Nfd2 Bc7 29.Kg1 f6 30.Nc4 Qe7 31.Nb6 Bxb6 32.cxb6 Nd7 33.Qd2
Ndf8 34.Bc4 c5 35.Qd6 Qxd6 36.Rxd6 Nd4 37.Nxc5 Bxe4 38.Nxe4 1-0

[Event "Vienna Chess Open 2015 Group A"]
[Site "Grosser Festsaal im Wiener Rathaus, 1010 Wien"]
[Date "2015.08.15"]
[Round "1"]
[Board "15"]
[White "Ebner, Johann"]
[Black "Arkell, Keith"]
[Result "0-1"]
[WhiteElo "2071"]
[BlackElo "2488"]
[PlyCount "138"]
[EventDate "2015.08.15"]
[EventRounds "9"]
[EventCountry "AUT"]

1.d4 Nf6 2.c4 c5 3.d5 e5 4.Nc3 d6 5.e4 g6 6.Bd3 Bg7 7.h3 Na6 8.Nge2 Nc7 9.a4 Na6 10.Be3
Nb4 11.Bb1 a6 12.Qd2 Bd7 13.Nc1 Nh5 14.Nd3 Nxd3+ 15.Bxd3 O-O 16.Ne2 f5 17.f3 f4 18.Bf2
Bf6 19.Kd1 Bh4 20.Bxh4 Qxh4 21.a5 b5 22.axb6 Rfb8 23.Kc2 Rxb6 24.Nc3 Qd8 25.Rhb1 Rab8
26.Kc1 Ng3 27.Kc2 Qc7 28.Ne2 Nh5 29.Kc1 Qb7 30.Ra2 Rb4 31.Nc3 Ng3 32.Ra3 Qb6 33.Qc2
a5 34.Na2 a4 35.Nc3 Qa5 36.Qd2 Qa6 37.Qc2 R8b6 38.Nd1 Qc8 39.Nc3 Qe8 40.Nd1 g5 41.Nc3
h5 42.Qd1 Kg7 43.Qc2 g4 44.hxg4 hxg4 45.Qd1 gxf3 46.gxf3 Kf6 47.Ra2 Qh5 48.Ra3 Qh2
49.b3 Rxb3 50.Rbxb3 axb3 51.Rxb3 Rxb3 52.Qxb3 Qh1+ 53.Qd1 Qg2 54.Nb5 Ke7 55.Nc3 Be8
56.Nb1 Qf2 57.Nd2 Bh5 58.Kc2 Kf6 59.Kb3 Kg5 60.Ka4 Qe3 61.Nf1 Qxf3 62.Qxf3 Bxf3 63.Nd2
Bd1+ 64.Kb5 Kf6 65.Kc6 Ke7 66.Nb1 Be2 67.Bxe2 Nxe2 68.Nd2 Nd4+ 69.Kc7 f3 0-1

[Event "Vienna Chess Open 2015 Group A"]
[Site "Grosser Festsaal im Wiener Rathaus, 1010 Wien"]
[Date "2015.08.15"]
[Round "1"]
[Board "16"]
[White "Kuzmicz, Krystian"]
[Black "Karsay, Pascal"]
[Result "1-0"]
[WhiteElo "2486"]
[BlackElo "2071"]
[PlyCount "51"]
[EventDate "2015.08.15"]
[EventRounds "9"]
[EventCountry "AUT"]

1.g3 Nf6 2.Bg2 g6 3.e4 d6 4.f4 Nbd7 5.Nc3 Bg7 6.Nf3 c5 7.O-O O-O 8.d3 Rb8 9.h3 b5
10.g4 Qc7 11.f5 b4 12.Ne2 c4 13.Nf4 cxd3 14.cxd3 Bb7 15.g5 Ne8 16.Rf2 Qb6 17.Qe1 Nc7
18.Be3 Nc5 19.h4 Rfc8 20.Bh3 Rd8 21.h5 Bc8 22.hxg6 fxg6 23.fxg6 hxg6 24.Bxc8 Rbxc8
25.Nxg6 Re8 26.Qf1 1-0

[Event "Vienna Chess Open 2015 Group A"]
[Site "Grosser Festsaal im Wiener Rathaus, 1010 Wien"]
[Date "2015.08.15"]
[Round "1"]
[Board "17"]
[White "Koller, Hans-Juergen"]
[Black "Diermair, Andreas"]
[Result "0-1"]
[WhiteElo "2071"]
[BlackElo "2485"]
[PlyCount "96"]
[EventDate "2015.08.15"]
[EventRounds "9"]
[EventCountry "AUT"]

1.d4 d5 2.c4 e6 3.Nf3 Nf6 4.g3 Bb4+ 5.Bd2 Be7 6.Bg2 O-O 7.O-O c6 8.Bf4 Nbd7 9.Qc2
a5 10.Nc3 dxc4 11.e4 b6 12.Rad1 Bb7 13.Rfe1 Re8 14.Nd2 b5 15.d5 exd5 16.exd5 Nxd5
17.Bxd5 cxd5 18.Nxb5 Rc8 19.Nf3 Nc5 20.Ne5 Qb6 21.a4 f6 22.Nf3 Nd3 23.Re2 Bc5 24.Rdd2
Nxf4 25.gxf4 Bc6 26.Qf5 Bb4 27.Rc2 Qb7 28.Nfd4 Bd7 29.Qh5 Bc5 30.f5 Bxd4 31.Nxd4 Bxa4
32.Rcd2 Qf7 33.Qf3 Bd7 34.Qa3 Re5 35.f4 Re4 36.Rxe4 dxe4 37.Qxa5 h6 38.Re2 Re8 39.Qc5
Kh7 40.Qd6 e3 41.Kf1 Re4 42.Rg2 Bc8 43.Ke1 Qa7 44.Ne6 Bxe6 45.fxe6 Qa1+ 46.Ke2 Qxb2+
47.Kf3 Qxg2+ 48.Kxg2 e2 0-1

[Event "Vienna Chess Open 2015 Group A"]
[Site "Grosser Festsaal im Wiener Rathaus, 1010 Wien"]
[Date "2015.08.15"]
[Round "1"]
[Board "18"]
[White "Stanec, Nikolaus"]
[Black "Schrodt, Sebastian "]
[Result "1-0"]
[WhiteElo "2474"]
[BlackElo "2071"]
[PlyCount "37"]
[EventDate "2015.08.15"]
[EventRounds "9"]
[EventCountry "AUT"]

1.c4 Nf6 2.g3 g6 3.Bg2 Bg7 4.Nc3 c5 5.Nf3 O-O 6.O-O Nc6 7.d4 cxd4 8.Nxd4 a6 9.c5 Qc7
10.Nb3 b5 11.Bf4 Qa7 12.Qd2 Bb7 13.a4 b4 14.Nb5 axb5 15.axb5 Nd4 16.Qxd4 Nd5 17.Rxa7
Bxd4 18.Rxb7 Bxb2 19.Bxd5 1-0

[Event "Vienna Chess Open 2015 Group A"]
[Site "Grosser Festsaal im Wiener Rathaus, 1010 Wien"]
[Date "2015.08.15"]
[Round "1"]
[Board "19"]
[White "Pisu, Robert-Daniel"]
[Black "Hertneck, Gerald"]
[Result "0-1"]
[WhiteElo "2070"]
[BlackElo "2469"]
[PlyCount "56"]
[EventDate "2015.08.15"]
[EventRounds "9"]
[EventCountry "AUT"]

1.d4 Nf6 2.Nf3 c5 3.e3 g6 4.b3 Bg7 5.Bb2 O-O 6.c4 cxd4 7.Nxd4 d5 8.Nc3 b6 9.cxd5 Nxd5
10.Be2 Bb7 11.Bf3 Nxc3 12.Bxc3 Qd7 13.O-O e5 14.Bxb7 Qxb7 15.Nf3 Nc6 16.Qe2 Rac8 17.Rfd1
Rfe8 18.Qb2 f6 19.e4 Nd8 20.Nd2 b5 21.b4 Ne6 22.a4 Qc6 23.Rdc1 Nf4 24.Qa2+ Qe6 25.Nf1
Qxa2 26.Rxa2 Re7 27.Rac2 Rec7 28.Ne3 Rxc3 0-1

[Event "Vienna Chess Open 2015 Group A"]
[Site "Grosser Festsaal im Wiener Rathaus, 1010 Wien"]
[Date "2015.08.15"]
[Round "1"]
[Board "20"]
[White "Rombaldoni, Denis"]
[Black "Nilsen, Martin"]
[Result "1-0"]
[WhiteElo "2467"]
[BlackElo "2069"]
[PlyCount "177"]
[EventDate "2015.08.15"]
[EventRounds "9"]
[EventCountry "AUT"]

1.Nf3 e6 2.d4 f5 3.e3 Nf6 4.Bd3 b6 5.O-O Bb7 6.c4 Be7 7.Nc3 O-O 8.d5 Na6 9.Nd4 Nc5
10.Bc2 a5 11.f3 Ba6 12.b3 exd5 13.Nxf5 dxc4 14.bxc4 Bxc4 15.Rf2 d5 16.Qd4 Bd6 17.Bb2
Re8 18.Qh4 Qd7 19.Rd1 Qf7 20.g4 Be5 21.f4 Bxc3 22.Bxc3 Nce4 23.Bxe4 Rxe4 24.Nxg7 Qxg7
25.Bxf6 Qg6 26.g5 Rf8 27.Qg3 Rxf6 28.gxf6 Qxg3+ 29.hxg3 Rxe3 30.g4 Bd3 31.g5 Be4 32.Kh2
c5 33.Rb2 c4 34.Rxb6 c3 35.Rb8+ Kf7 36.Rb7+ Kf8 37.Rb8+ Kf7 38.Rc8 Re2+ 39.Kg3 Rg2+
40.Kh4 Rh2+ 41.Kg3 Rg2+ 42.Kh3 c2 43.Rc7+ Kf8 44.Rd4 Re2 45.Ra4 Re1 46.Rxa5 d4 47.Rb5
Bg6 48.f5 Bxf5+ 49.Rxf5 c1=Q 50.Rxc1 Rxc1 51.Rd5 Rd1 52.Kg2 Rd2+ 53.Kf3 Rxa2 54.Rxd4
Ra7 55.Kg4 Ra1 56.Rd8+ Kf7 57.Rd7+ Kg8 58.Rg7+ Kh8 59.Rc7 Kg8 60.Kf5 Rf1+ 61.Ke6 Re1+
62.Kd6 Rd1+ 63.Ke7 Re1+ 64.Kd8 Ra1 65.Rg7+ Kh8 66.Re7 Kg8 67.Ke8 Ra8+ 68.Kd7 Ra7+
69.Ke6 Ra6+ 70.Kf5 Ra5+ 71.Re5 Ra1 72.Re8+ Kf7 73.Re7+ Kg8 74.Rg7+ Kh8 75.Rc7 Kg8
76.Ke6 Re1+ 77.Kd7 Kf8 78.Kc8 Kg8 79.Rg7+ Kh8 80.Re7 Rc1+ 81.Kd8 Kg8 82.Rg7+ Kh8 83.Ke8
Rc8+ 84.Kd7 Ra8 85.Re7 Ra7+ 86.Ke6 Ra8 87.Kf7 Rg8 88.Re8 Rxe8 89.Kxe8 1-0

[Event "Vienna Chess Open 2015 Group A"]
[Site "Grosser Festsaal im Wiener Rathaus, 1010 Wien"]
[Date "2015.08.15"]
[Round "1"]
[Board "21"]
[White "Zaynard, Andreas"]
[Black "Mons, Léon"]
[Result "0-1"]
[WhiteElo "2069"]
[BlackElo "2464"]
[PlyCount "32"]
[EventDate "2015.08.15"]
[EventRounds "9"]
[EventCountry "AUT"]

1.e4 g6 2.Nc3 Bg7 3.Bc4 d6 4.f4 c5 5.Nf3 Nc6 6.O-O Nf6 7.d3 O-O 8.a4 e6 9.Ba2 b6 10.Qe1
Bb7 11.Qh4 Nb4 12.Bb1 d5 13.f5 dxe4 14.dxe4 Nxe4 15.fxe6 Qxh4 16.Nxh4 Bd4+ 0-1

[Event "Vienna Chess Open 2015 Group A"]
[Site "Grosser Festsaal im Wiener Rathaus, 1010 Wien"]
[Date "2015.08.15"]
[Round "1"]
[Board "22"]
[White "Moroni, Luca"]
[Black "Brychcy, Felix"]
[Result "1-0"]
[WhiteElo "2461"]
[BlackElo "2068"]
[PlyCount "63"]
[EventDate "2015.08.15"]
[EventRounds "9"]
[EventCountry "AUT"]

1.b3 e5 2.Bb2 Nc6 3.e3 d5 4.Bb5 f6 5.d4 e4 6.c4 a6 7.cxd5 Qxd5 8.Nc3 Bb4 9.Bc4 Qg5
10.g3 Nge7 11.Qc2 f5 12.O-O-O b5 13.Be2 Bd6 14.Kb1 O-O 15.h4 Qh6 16.Nh3 Bd7 17.Nf4
Nb4 18.Qd2 c6 19.f3 Nbd5 20.fxe4 Nxc3+ 21.Bxc3 fxe4 22.Bb4 Nd5 23.Bxd6 Qxd6 24.Rc1
b4 25.Bc4 a5 26.Bxd5+ cxd5 27.Rc5 Be6 28.Rhc1 Rfc8 29.Qc2 Rxc5 30.Qxc5 Qd7 31.Qc6
Rd8 32.Qxe6+ 1-0

[Event "Vienna Chess Open 2015 Group A"]
[Site "Grosser Festsaal im Wiener Rathaus, 1010 Wien"]
[Date "2015.08.15"]
[Round "1"]
[Board "23"]
[White "Goldie, Thomas"]
[Black "Feuerstack, Aljoscha"]
[Result "0-1"]
[WhiteElo "2067"]
[BlackElo "2458"]
[PlyCount "92"]
[EventDate "2015.08.15"]
[EventRounds "9"]
[EventCountry "AUT"]

1.e4 c5 2.Nf3 e6 3.d4 cxd4 4.Nxd4 Nf6 5.Nc3 Nc6 6.Be3 Bb4 7.f3 d5 8.Bd3 e5 9.Nxc6
bxc6 10.exd5 cxd5 11.a3 Ba5 12.Bg5 Be6 13.Qe2 Qc7 14.O-O Bxc3 15.bxc3 Qxc3 16.Rab1
Nd7 17.Bd2 Qd4+ 18.Kh1 O-O 19.Rb4 Qc5 20.Rh4 f5 21.Bb4 Qc7 22.Bxf8 Rxf8 23.Bb5 Nf6
24.Rb4 a5 25.Rbb1 d4 26.Bd3 Kh8 27.Rb5 Nd5 28.Qe1 Ne3 29.Rf2 Ra8 30.c3 Bd7 31.Rb1
Qxc3 32.Qxc3 dxc3 33.Rc1 Rc8 34.f4 e4 35.Ba6 Rc7 36.Re2 Nd5 37.g3 Ba4 38.Kg1 g6 39.Kf2
c2 40.Ke1 Rc3 41.Rd2 Nc7 42.Rd4 Nxa6 43.Rxa4 Nc5 44.Rxa5 Nb3 45.Rb5 Nxc1 46.Kd2 Na2 0-1

[Event "Vienna Chess Open 2015 Group A"]
[Site "Grosser Festsaal im Wiener Rathaus, 1010 Wien"]
[Date "2015.08.15"]
[Round "1"]
[Board "24"]
[White "Govciyan, Pavel"]
[Black "Buehler, Florian"]
[Result "1-0"]
[WhiteElo "2448"]
[BlackElo "2065"]
[PlyCount "79"]
[EventDate "2015.08.15"]
[EventRounds "9"]
[EventCountry "AUT"]

1.c4 e5 2.g3 Nc6 3.Nc3 Bc5 4.Bg2 a6 5.e3 d6 6.Nge2 Ba7 7.a3 Nge7 8.h3 O-O 9.b4 Be6
10.Nd5 Qd7 11.Bb2 Nd8 12.Rc1 c6 13.Nxe7+ Qxe7 14.d4 exd4 15.Nxd4 Rc8 16.O-O Bd7 17.Qd3
c5 18.Nf5 Bxf5 19.Qxf5 Qe6 20.Qg5 Qg6 21.Qe7 Qe6 22.Qh4 cxb4 23.Bd5 Qg6 24.Be4 f5
25.Bd5+ Kh8 26.Qe7 Nc6 27.Qxb7 bxa3 28.Ba1 Bxe3 29.fxe3 Qxg3+ 30.Bg2 Qxe3+ 31.Kh1
Ne5 32.Rc3 Qg5 33.c5 dxc5 34.Rxa3 Rce8 35.Rg1 Rf7 36.Qxa6 Rfe7 37.Qd6 Nf7 38.Qxc5
Re1 39.Bf1 Rxf1 40.Rxf1 1-0

[Event "Vienna Chess Open 2015 Group A"]
[Site "Grosser Festsaal im Wiener Rathaus, 1010 Wien"]
[Date "2015.08.15"]
[Round "1"]
[Board "26"]
[White "Schreiner, Peter"]
[Black "Steindl, Johannes"]
[Result "1-0"]
[WhiteElo "2439"]
[BlackElo "2065"]
[PlyCount "61"]
[EventDate "2015.08.15"]
[EventRounds "9"]
[EventCountry "AUT"]

1.d4 Nf6 2.c4 c5 3.d5 e6 4.Nc3 exd5 5.cxd5 d6 6.e4 g6 7.h3 Bg7 8.Nf3 O-O 9.Bd3 Nh5
10.Bg5 Bf6 11.Be3 Nd7 12.Be2 Re8 13.O-O Bxc3 14.bxc3 Nhf6 15.Bd3 Nxe4 16.Qc2 Nef6
17.c4 b5 18.cxb5 Nxd5 19.Bg5 Qa5 20.Bd2 Qc7 21.Qb2 Ne5 22.Nxe5 dxe5 23.Rac1 Bb7 24.Qa3
Rec8 25.Rfe1 Qd6 26.Qb2 Re8 27.Red1 Nb6 28.Be3 Nd7 29.Bf5 Bd5 30.Bxd7 Qxd7 31.Rxc5 1-0

[Event "Vienna Chess Open 2015 Group A"]
[Site "Grosser Festsaal im Wiener Rathaus, 1010 Wien"]
[Date "2015.08.15"]
[Round "1"]
[Board "27"]
[White "Hubel, Merten"]
[Black "Monroy, Charles"]
[Result "0-1"]
[WhiteElo "2064"]
[BlackElo "2436"]
[PlyCount "93"]
[EventDate "2015.08.15"]
[EventRounds "9"]
[EventCountry "AUT"]

1.d4 Nf6 2.c4 g6 3.Nc3 Bg7 4.g3 O-O 5.Bg2 d6 6.Nf3 Nc6 7.O-O a6 8.Qd3 Bd7 9.d5 Nb4
10.Qb1 a5 11.a3 Na6 12.b4 Bf5 13.Qb2 Ne4 14.Bd2 c6 15.dxc6 bxc6 16.Nh4 Nxd2 17.Qxd2
Be6 18.Bxc6 Rc8 19.Bb7 Rxc4 20.Bxa6 Rxc3 21.b5 a4 22.Nf3 Qb6 23.e3 Qc5 24.Rfc1 Bh3
25.Rab1 Bf5 26.Nd4 Bxd4 27.exd4 Rxc1+ 28.Rxc1 Qxa3 29.h4 h5 30.Qc3 Qb3 31.Kf1 Qd5
32.f3 Rb8 33.Kf2 Qa2+ 34.Ke3 e5 35.d5 Qxd5 36.Qc4 Qa8 37.Qxa4 Qa7+ 38.Ke2 e4 39.fxe4
Bg4+ 40.Kd3 Qf2 41.Qd4 Qxg3+ 42.Qe3 Qh2 43.Rc2 Qxh4 44.b6 d5 45.b7 dxe4+ 46.Kd2 Qf6
47.Rc8+ 0-1